<?xml version="1.0" encoding="UTF-8"?><?xml-stylesheet type="text/xsl" href="static/style.xsl"?><OAI-PMH xmlns="http://www.openarchives.org/OAI/2.0/" xmlns:xsi="http://www.w3.org/2001/XMLSchema-instance" xsi:schemaLocation="http://www.openarchives.org/OAI/2.0/ http://www.openarchives.org/OAI/2.0/OAI-PMH.xsd"><responseDate>2026-04-13T02:05:29Z</responseDate><request verb="GetRecord" identifier="oai:www.recercat.cat:10459.1/467257" metadataPrefix="marc">https://recercat.cat/oai/request</request><GetRecord><record><header><identifier>oai:recercat.cat:10459.1/467257</identifier><datestamp>2025-09-15T19:00:39Z</datestamp><setSpec>com_2072_3622</setSpec><setSpec>col_2072_479130</setSpec></header><metadata><record xmlns="http://www.loc.gov/MARC21/slim" xmlns:dcterms="http://purl.org/dc/terms/" xmlns:xsi="http://www.w3.org/2001/XMLSchema-instance" xmlns:doc="http://www.lyncode.com/xoai" xsi:schemaLocation="http://www.loc.gov/MARC21/slim http://www.loc.gov/standards/marcxml/schema/MARC21slim.xsd">
   <leader>00925njm 22002777a 4500</leader>
   <datafield ind2=" " ind1=" " tag="042">
      <subfield code="a">dc</subfield>
   </datafield>
   <datafield ind2=" " ind1=" " tag="720">
      <subfield code="a">Varela Castro,  Lucía</subfield>
      <subfield code="e">author</subfield>
   </datafield>
   <datafield ind2=" " ind1=" " tag="720">
      <subfield code="a">Lara-Vergara  ,  Jonathan</subfield>
      <subfield code="e">author</subfield>
   </datafield>
   <datafield ind2=" " ind1=" " tag="720">
      <subfield code="a">Ortega, Nieves</subfield>
      <subfield code="e">author</subfield>
   </datafield>
   <datafield ind2=" " ind1=" " tag="720">
      <subfield code="a">Salinas Lorente, Lazaro Jesus</subfield>
      <subfield code="e">author</subfield>
   </datafield>
   <datafield ind2=" " ind1=" " tag="720">
      <subfield code="a">Colom-Cadena, Andreu</subfield>
      <subfield code="e">author</subfield>
   </datafield>
   <datafield ind2=" " ind1=" " tag="720">
      <subfield code="a">Lavín, Santiago</subfield>
      <subfield code="e">author</subfield>
   </datafield>
   <datafield ind2=" " ind1=" " tag="720">
      <subfield code="a">Tizzani , Paolo</subfield>
      <subfield code="e">author</subfield>
   </datafield>
   <datafield ind2=" " ind1=" " tag="720">
      <subfield code="a">Velarde, Roser</subfield>
      <subfield code="e">author</subfield>
   </datafield>
   <datafield ind2=" " ind1=" " tag="720">
      <subfield code="a">Serrano Ferrón, Emmanuel</subfield>
      <subfield code="e">author</subfield>
   </datafield>
   <datafield ind2=" " ind1=" " tag="720">
      <subfield code="a">Mentaberre García, Gregorio</subfield>
      <subfield code="e">author</subfield>
   </datafield>
   <datafield ind2=" " ind1=" " tag="260">
      <subfield code="c">2017-04-22</subfield>
   </datafield>
   <datafield ind2=" " ind1=" " tag="520">
      <subfield code="a">Between 2010 and 2013, an outbreak of caseous lymphadenitis (CLA) occurred in a captive stock of Iberian ibexes (Capra pyrenaica, Schinz 1838) maintained for conservation purposes in the National Game Reserve ‘Ports de Tortosa i Beseit’ (PTB), northeastern Spain. The aim of this study was to assess the CLA status in the free-ranging donor population of ibexes. An ELISA test to detect antibodies to CLA was performed in 360 hunter-harvested ibexes between 2007 and 2013. A spatial analysis and recursive partitioning approaches with regression tree models were used to explore CLA-associated risk factors. Nineteen per cent of ibexes had antibodies to CLA. Significant differences in seroprevalence were observed among game management areas but no clear trends of CLA occurrence were observed over the study period. Ibexes from areas of higher population density and living close to aggregation points displayed a higher probability of testing positive to CLA. These results suggest that CLA is endemic in the Iberian ibex population inhabiting PTB and density-dependent risk factors. To the best of our knowledge, this is the first record of CLA maintenance in a free-ranging wild Caprinae population.</subfield>
   </datafield>
   <datafield ind2=" " ind1=" " tag="520">
      <subfield code="a">E Serrano was supported by the postdoctoral programme (SFRH/BPD/96637/2013) of the Fundação para a Ciência ea Tecnologia, Portugal. The authors would like to thank the University of Aveiro (Department of Biology) and FCT/MEC for the financial support to CESAM RU (UID/AMB/50017) through national funds and, where applicable, cofinanced by the FEDER, within the PT2020 Partnership Agreement. The authors express their gratitude to the Catalonia Government for promoting active disease surveillance of wildlife. The authors are also very grateful to the staff of the National Game Reserve and Natural Park ‘Els Ports de Tortosa i Beseit’ for their interest and involvement. Finally, the authors would like to thank Dr Antonio J Buendía, of the Pathology Department of the Universidad de Murcia for facilitating identification of sera aimed at sensitivity and specificity proofs of the CLA ELISA test used in the present study.</subfield>
   </datafield>
   <datafield tag="653" ind2=" " ind1=" ">
      <subfield code="a">Corynebacterium pseudotuberculosis</subfield>
   </datafield>
   <datafield tag="653" ind2=" " ind1=" ">
      <subfield code="a">Caseous lymphadenitis</subfield>
   </datafield>
   <datafield tag="653" ind2=" " ind1=" ">
      <subfield code="a">Capra pyrenaica</subfield>
   </datafield>
   <datafield tag="653" ind2=" " ind1=" ">
      <subfield code="a">Wildlife-livestock interface</subfield>
   </datafield>
   <datafield ind2="0" ind1="0" tag="245">
      <subfield code="a">Endemic caseous lymphadenitis in a wild Caprinae population</subfield>
   </datafield>
</record></metadata></record></GetRecord></OAI-PMH>